BUBT Library Online Catalog

অপরাধ বিজ্ঞান পরিচিতি / (Record no. 7002)

000 -LEADER
fixed length control field 00927nam a22002297a 4500
003 - CONTROL NUMBER IDENTIFIER
control field BUBTL
008 - FIXED-LENGTH DATA ELEMENTS--GENERAL INFORMATION
fixed length control field 230327b ||||| |||| 00| 0 eng d
020 ## - INTERNATIONAL STANDARD BOOK NUMBER
International Standard Book Number 9789843319296
041 ## - LANGUAGE CODE
Language code of text/sound track or separate title ben
082 ## - DEWEY DECIMAL CLASSIFICATION NUMBER
Classification number 345/ K452c/ 2014
100 ## - MAIN ENTRY--PERSONAL NAME
9 (RLIN) 5258
Personal name খান, বোরহান উদ্দীন
245 ## - TITLE STATEMENT
Title অপরাধ বিজ্ঞান পরিচিতি /
Remainder of title বোরহান উদ্দীন খান, মনজুর কাদের
250 ## - EDITION STATEMENT
Edition statement 4th ed
260 ## - PUBLICATION, DISTRIBUTION, ETC. (IMPRINT)
Place of publication, distribution, etc. ঢাকা:
Name of publisher, distributor, etc. প্রভাতী প্রকাশনী,
Date of publication, distribution, etc. c1986
300 ## - PHYSICAL DESCRIPTION
Extent xxvi, 438 p.:
Dimensions 22 cm
505 ## - FORMATTED CONTENTS NOTE
Formatted contents note অপরাধবিজ্ঞান, অপরাধবিজ্ঞানের ক্রমবিকাশ
650 #0 - SUBJECT ADDED ENTRY--TOPICAL TERM
9 (RLIN) 26
Topical term or geographic name as entry element Law
700 ## - ADDED ENTRY--PERSONAL NAME
9 (RLIN) 5878
Personal name কাদের, মনজুর
856 ## - ELECTRONIC LOCATION AND ACCESS
Password 0
Logon 0
Link text Download
942 ## - ADDED ENTRY ELEMENTS (KOHA)
Source of classification or shelving scheme
Koha item type Books
Holdings
Withdrawn status Lost status Source of classification or shelving scheme Damaged status Not for loan Collection code Permanent location Current location Shelving location Date acquired Source of acquisition Inventory number Total Checkouts Full call number Barcode Date last seen Copy number Price effective from Koha item type
        Not For Loan Non-fiction Bangladesh University of Business and Technology Library Bangladesh University of Business and Technology Library Law Stacks 03/27/2016 Purchase 22125   345/ K452c/ 2014 BUBTL-200322125 03/27/2023 C-1 03/27/2023 Books
        Not For Loan Non-fiction Bangladesh University of Business and Technology Library Bangladesh University of Business and Technology Library Law Stacks 03/27/2016 Purchase 22126   345/ K452c/ 2014 BUBTL-200322126 03/27/2023 C-2 03/27/2023 Books
          Non-fiction Bangladesh University of Business and Technology Library Bangladesh University of Business and Technology Library Law Stacks   Purchase 22127   345/ K452c/ 2014 BUBTL-200322127 08/11/2024 C-3 08/11/2024 Books
          Non-fiction Bangladesh University of Business and Technology Library Bangladesh University of Business and Technology Library Law Stacks 07/11/2024 Purchase 30148   345/ K452c/ 2014 BUBTL-200330148 08/11/2024 C-4 08/11/2024 Books
          Non-fiction Bangladesh University of Business and Technology Library Bangladesh University of Business and Technology Library Law Stacks 07/11/2024 Purchase 30149   345/ K452c/ 2014 BUBTL-200330149 08/11/2024 C-5 08/11/2024 Books
          Non-fiction Bangladesh University of Business and Technology Library Bangladesh University of Business and Technology Library Law Stacks 07/11/2024 Purchase 30150   345/ K452c/ 2014 BUBTL-200330150 08/11/2024 C-6 08/11/2024 Books
          Non-fiction Bangladesh University of Business and Technology Library Bangladesh University of Business and Technology Library Law Stacks 07/11/2024 Purchase 30151   345/ K452c/ 2014 BUBTL-200330151 08/11/2024 C-7 08/11/2024 Books
          Non-fiction Bangladesh University of Business and Technology Library Bangladesh University of Business and Technology Library Law Stacks 07/11/2024 Purchase 30152   345/ K452c/ 2014 BUBTL-200330152 08/11/2024 C-8 08/11/2024 Books

More Information About Library

Library Hours

  • Open: 9.00 am. to 9.00 pm.
  • Only Sunday: 9.00 am. to 6.00 pm.
  • Closed: Holiday

Contact to the University

Bangladesh University of Business and Technology Library

  • Mirpurl-2, 1216.
  • Phone:
  • Fax:
  • E-Mail: admin.library@bubt.edu.bd

Contact to the Library

Contact Person:

Md. Abdul Hakim Shah
Joint Librarian
PABX No:  113
Cell No: 01816332931
E-mail: official: admin.library@bubt.edu.bd
Personal: hakim.shah@bubt.edu.bd


BUBT Library

Copyright © 2021